<?xml version="1.0" encoding="UTF-8"?>
<record
    xmlns:xsi="http://www.w3.org/2001/XMLSchema-instance"
    xsi:schemaLocation="http://www.loc.gov/MARC21/slim http://www.loc.gov/standards/marcxml/schema/MARC21slim.xsd"
    xmlns="http://www.loc.gov/MARC21/slim">

  <leader>01947nam a2200253 a 4500</leader>
  <controlfield tag="001">000021011</controlfield>
  <controlfield tag="005">20240412074250.0</controlfield>
  <controlfield tag="008">100830s2000    dr            001 j spa d</controlfield>
  <datafield tag="020" ind1=" " ind2=" ">
    <subfield code="a">9993400467</subfield>
  </datafield>
  <datafield tag="040" ind1=" " ind2=" ">
    <subfield code="a">DO-SdBNP</subfield>
    <subfield code="b">spa</subfield>
    <subfield code="c">BNPHU</subfield>
  </datafield>
  <datafield tag="082" ind1=" " ind2=" ">
    <subfield code="a">RD863.44</subfield>
    <subfield code="b">G491t</subfield>
  </datafield>
  <datafield tag="100" ind1="1" ind2=" ">
    <subfield code="a">Gimbernard, Jacinto,</subfield>
    <subfield code="c">1931-</subfield>
    <subfield code="9">28978</subfield>
  </datafield>
  <datafield tag="245" ind1="1" ind2="0">
    <subfield code="a">Treinta relatos sinf&#xF3;nicos /</subfield>
    <subfield code="c">Jacinto Gimbernard.</subfield>
  </datafield>
  <datafield tag="260" ind1=" " ind2=" ">
    <subfield code="a">Santo Domingo :</subfield>
    <subfield code="b">Centenario,</subfield>
    <subfield code="c">2000.</subfield>
  </datafield>
  <datafield tag="300" ind1=" " ind2=" ">
    <subfield code="a">154 p. ;</subfield>
    <subfield code="c">22 cm.</subfield>
  </datafield>
  <datafield tag="500" ind1=" " ind2=" ">
    <subfield code="a">Incluye datos biogr&#xE1;ficos del autor en la solapa de la cubierta.</subfield>
  </datafield>
  <datafield tag="505" ind1="0" ind2=" ">
    <subfield code="g">A modo de preludio --</subfield>
    <subfield code="t">Sinf&#xF3;nica 1941 --</subfield>
    <subfield code="t">Semana Santa con Don Chuch&#xFA; --</subfield>
    <subfield code="t">Cuando los m&#xFA;sicos pagaban por tocar --</subfield>
    <subfield code="t">Personajes cl&#xE1;sicos --</subfield>
    <subfield code="t">Inauguraci&#xF3;n en Hig&#xFC;ey y dormida en funeraria --</subfield>
    <subfield code="t">Otto y la espontaneidad de la gracia --</subfield>
    <subfield code="t">Cerveza en pulper&#xED;a --</subfield>
    <subfield code="t">Flavi&#xE1;, Sheen y la inspiraci&#xF3;n --</subfield>
    <subfield code="t">Prestamismo humano --</subfield>
    <subfield code="t">Solistas de pasillo y mis d&#xED;anos y ven&#xED;amos --</subfield>
    <subfield code="t">Imagen militar --</subfield>
    <subfield code="t">P&#xFA;blico escaso y p&#xFA;blico multitudinario --</subfield>
    <subfield code="t">M&#xE1;ximo y el sonido silente --</subfield>
    <subfield code="t">Travesuras de El Ruise&#xF1;or Dominicano --</subfield>
    <subfield code="t">La imitaci&#xF3;n del obo&#xED;sta y la pistola --</subfield>
    <subfield code="t">Jorge, el Ojo Cl&#xED;nico y el misterio --</subfield>
    <subfield code="t">En competencia con una salsa --</subfield>
    <subfield code="t">Pierino y el General&#xED;simo --</subfield>
    <subfield code="t">El concertino Luis Beltr&#xE1;n --</subfield>
    <subfield code="t">Habilidad de Enriquillo y conformismo de Camilo --</subfield>
    <subfield code="t">P&#xE1;nico en los solos repentinos --</subfield>
    <subfield code="t">Visiones de casos --</subfield>
    <subfield code="t">Temperamentadas y conflictos en la Era --</subfield>
    <subfield code="t">Pet&#xE1;n Trujillo y el sinfonismo --</subfield>
    <subfield code="t">Receptividad, la loca y El&#xED;as Pi&#xF1;a y Ar&#xED;stides --</subfield>
    <subfield code="t">Pierino Gamba y el portero trombonista --</subfield>
    <subfield code="t">Un cubano ingenioso y un astucia florentina --</subfield>
    <subfield code="t">Zorrilla y la simplicidad infantil.</subfield>
  </datafield>
  <datafield tag="590" ind1=" " ind2=" ">
    <subfield code="a">Inventariado, 2019/BT</subfield>
  </datafield>
  <datafield tag="650" ind1=" " ind2="4">
    <subfield code="a">M&#xFA;sica dominicana</subfield>
    <subfield code="x">An&#xE9;cdotas, chistes, s&#xE1;tiras, etc.</subfield>
    <subfield code="9">43969</subfield>
  </datafield>
  <datafield tag="650" ind1=" " ind2="4">
    <subfield code="a">Musicos dominicanos</subfield>
    <subfield code="x">An&#xE9;cdotas, chistes, s&#xE1;tiras, etc.</subfield>
    <subfield code="9">43970</subfield>
  </datafield>
  <datafield tag="650" ind1=" " ind2="0">
    <subfield code="a">Cuentos dominicanos</subfield>
    <subfield code="9">176</subfield>
  </datafield>
  <datafield tag="650" ind1=" " ind2="0">
    <subfield code="a">Literatura dominicana.</subfield>
    <subfield code="9">67</subfield>
  </datafield>
  <datafield tag="910" ind1=" " ind2=" ">
    <subfield code="a">Validado. Control de calidad EMS</subfield>
  </datafield>
  <datafield tag="952" ind1=" " ind2=" ">
    <subfield code="0">0</subfield>
    <subfield code="1">0</subfield>
    <subfield code="5">4</subfield>
    <subfield code="7">0</subfield>
    <subfield code="8">DS</subfield>
    <subfield code="a">GR</subfield>
    <subfield code="b">GR</subfield>
    <subfield code="c">HD</subfield>
    <subfield code="d">2011-09-28</subfield>
    <subfield code="i">LF1</subfield>
    <subfield code="l">0</subfield>
    <subfield code="o">RD863.44 G491t</subfield>
    <subfield code="p">21011-30</subfield>
    <subfield code="r">2020-06-25</subfield>
    <subfield code="t">e.3</subfield>
    <subfield code="w">2020-06-25</subfield>
    <subfield code="y">LFDS</subfield>
    <subfield code="Z">Pr&#xE9;stamo en sala</subfield>
  </datafield>
  <datafield tag="952" ind1=" " ind2=" ">
    <subfield code="0">0</subfield>
    <subfield code="1">0</subfield>
    <subfield code="5">4</subfield>
    <subfield code="7">0</subfield>
    <subfield code="8">DS</subfield>
    <subfield code="a">GR</subfield>
    <subfield code="b">GR</subfield>
    <subfield code="c">HD</subfield>
    <subfield code="d">2011-09-28</subfield>
    <subfield code="i">LF1</subfield>
    <subfield code="l">0</subfield>
    <subfield code="o">RD863.44 G491t</subfield>
    <subfield code="p">21011-40</subfield>
    <subfield code="r">2020-06-25</subfield>
    <subfield code="t">e.4</subfield>
    <subfield code="w">2020-06-25</subfield>
    <subfield code="y">LFDS</subfield>
    <subfield code="Z">Pr&#xE9;stamo en sala</subfield>
  </datafield>
  <datafield tag="952" ind1=" " ind2=" ">
    <subfield code="0">0</subfield>
    <subfield code="1">0</subfield>
    <subfield code="5">4</subfield>
    <subfield code="7">0</subfield>
    <subfield code="8">DS</subfield>
    <subfield code="a">GR</subfield>
    <subfield code="b">GR</subfield>
    <subfield code="c">HD</subfield>
    <subfield code="d">2011-09-28</subfield>
    <subfield code="i">LF1</subfield>
    <subfield code="l">0</subfield>
    <subfield code="o">RD863.44 G491t</subfield>
    <subfield code="p">21011-50</subfield>
    <subfield code="r">2020-06-25</subfield>
    <subfield code="t">e.5</subfield>
    <subfield code="w">2020-06-25</subfield>
    <subfield code="y">LFDS</subfield>
    <subfield code="Z">Pr&#xE9;stamo en sala</subfield>
  </datafield>
  <datafield tag="952" ind1=" " ind2=" ">
    <subfield code="0">0</subfield>
    <subfield code="1">0</subfield>
    <subfield code="7">1</subfield>
    <subfield code="8">PD</subfield>
    <subfield code="a">PD</subfield>
    <subfield code="b">PD</subfield>
    <subfield code="c">HD</subfield>
    <subfield code="d">2010-08-30</subfield>
    <subfield code="i">LF1</subfield>
    <subfield code="l">0</subfield>
    <subfield code="o">RD863.44 G491t</subfield>
    <subfield code="p">21011-10</subfield>
    <subfield code="r">2020-06-25</subfield>
    <subfield code="w">2020-06-25</subfield>
    <subfield code="y">LFPD</subfield>
    <subfield code="z">Dedicado a Di&#xF3;genes C&#xE9;spedes.</subfield>
    <subfield code="Z">No se presta</subfield>
  </datafield>
  <datafield tag="952" ind1=" " ind2=" ">
    <subfield code="0">0</subfield>
    <subfield code="1">0</subfield>
    <subfield code="7">1</subfield>
    <subfield code="8">PD</subfield>
    <subfield code="a">PD</subfield>
    <subfield code="b">PD</subfield>
    <subfield code="c">HD</subfield>
    <subfield code="d">2011-09-28</subfield>
    <subfield code="i">LF1</subfield>
    <subfield code="l">0</subfield>
    <subfield code="o">RD863.44 G491t</subfield>
    <subfield code="p">21011-20</subfield>
    <subfield code="r">2020-06-25</subfield>
    <subfield code="t">e.2</subfield>
    <subfield code="w">2020-06-25</subfield>
    <subfield code="y">LFPD</subfield>
    <subfield code="Z">No se presta</subfield>
  </datafield>
  <datafield tag="999" ind1=" " ind2=" ">
    <subfield code="c">20514</subfield>
    <subfield code="d">20514</subfield>
  </datafield>
</record>
